000 00729nam a2200205 i 4500
001 87782
003 ES-MaACL
005 20230906175735.0
007 t|
008 041223s1940 ag |||| | spa d
080 _a621.397
100 1 _aLipfert, Kurt.
_972493
245 1 3 _aLa televisión
_b: una breve exposición del estado actual de la técnica de la televisión /
_cKurt Lipfert ; traducida del alemán por Margarita H. de Bose ; revisada por Ernesto R. Sabato.
260 _a[Buenos Aires :
_bs.n.,
_c1940] (
_fCía. Fabril Financiera)
300 _a187 p. ;
_c20 cm.
650 0 4 _aTelevisión.
_917437
700 1 _aBosé, Margarita H. de.
_930682
700 1 _aSábato, Ernesto.
_9101192
852 _aES-MaACL
_jA-5339
999 _c87782
_d87782